000 00725nam a2200205 i 4500
001 76635
003 ES-MaACL
005 20250901062530.0
007 t|
008 041004s1960 sp ||||1| spa d
100 1 _aGuillemain, Bernard.
_960746
245 1 0 _aGrandeza y ruina de la cristiandad /
_cBernard Guillemain ; [versión española de Juan A. G. Larraya].
260 _aAndorra :
_b[Casal y Vall,
_c1960]
300 _a160 p. ;
_c20 cm.
490 1 _aYo sé, yo creo : enciclopedia del católico en el siglo XX
700 1 _aLarraya, Juan A. G.
_970325
830 0 0 _aYo sé, yo creo: enciclopedia del católico del siglo XX
_9186579
852 _aES-MaACL
_jC-19860
_bR.47713
999 _c76635
_d76635